000 00262nam a2200097Ia 4500
001 645683
005 20250826153628.0
008 250824s9999 xx 000 0 und d
245 0 _aSİHİRLİ KRALLIK ALTIN KUMSAL 6
_cROSİE BANKS
260 _bDOĞAN EGMONT YAYINLARI
999 _c645683
_d645683